<An> American Portrait <A> History of the United States

Guardado en:
Detalles Bibliográficos
Formato: Libro
Lenguaje:inglés
Publicado: New York Charles Scribner's Sons 1985
Edición:2. ed.
Materias:
Etiquetas: Agregar Etiqueta
Sin Etiquetas, Sea el primero en etiquetar este registro!

MARC

LEADER 00000nam a2200000 4500
001 c004009
005 20221207073300.1
020 |a 0-02-371250-3 
041 0 |a eng 
044 |a US 
245 1 0 |a <An> American Portrait  |b <A> History of the United States 
250 |a 2. ed. 
264 1 |a New York  |b Charles Scribner's Sons  |c 1985 
300 |a 385 s. 
610 2 0 |a história 
610 2 0 |a USA 
610 2 0 |a politika vnútorná 
610 2 0 |a otrokárstvo